000 00473nam a2200169Ia 4500
999 _c6404
_d6404
020 _a9780415423755
082 _a320.954 HEW-P
100 _aHewitt, Vernon
245 0 _aPolitical mobilisation and democracy in India
260 _aLandon
_bRoutledge
_c2008
300 _a230
440 _aRoutledge advances in South Asian studies
504 _aincludes bibliography and index
650 _aIndia
_vPolitics and government
700 _aMitra, Subrata K.
942 _cBK